Poesía completa y comentarios en prosa /

Bibliographic Details
Main Author: John of the Cross, Saint, 1542-1591
Other Authors: Asún, Raquel (Editor)
Format: Book
Language:Spanish
Published: Barcelona : Planeta, 1996.
Edition:3. ed.
Series:Clásicos universales Planeta ; 7
Subjects:

MARC

Tag First Indicator Second Indicator Subfields
LEADER 00000cam a2200000 a 4500
001 in00001402963
005 20151020053109.0
008 960304s1996 sp 000 0 spa d
020 |a 8408017276 
024 1 |a 788408017271 
035 |a (OCoLC)34429639 
035 |9 AHM7009AM 
040 |a PL#  |c PL#  |d I5B  |d FUG  |d TXA  |d UtOrBLW 
049 |a TXAM 
090 |a PQ6400.J8  |b A17 1996 
100 0 |a John of the Cross,  |c Saint,  |d 1542-1591. 
245 1 0 |a Poesía completa y comentarios en prosa /  |c San Juan de la Cruz ; edición, introducción y notas de Raques Asún. 
250 |a 3. ed. 
264 1 |a Barcelona :  |b Planeta,  |c 1996. 
300 |a LIII, 419 pages ;  |c 19 cm. 
336 |a text  |b txt  |2 rdacontent 
337 |a unmediated  |b n  |2 rdamedia 
338 |a volume  |b nc  |2 rdacarrier 
490 0 |a Clásicos universales Planeta ;  |v 7 
653 |a Poesía española  |a Siglo XVI. 
653 |a Literatura religiosa. 
653 |a Misticismo. 
600 0 0 |a John of the Cross,  |c Saint,  |d 1542-1591.  |t Poems. 
700 1 |a Asún, Raquel,  |e editor. 
948 |a c:pk 
999 |a MARS 
999 f f |s 02e25958-c563-31b0-bb1c-5b955edcb6b2  |i 11668ca1-6427-348a-b215-a669641af942  |t 0 
952 f f |p normal  |a Texas A&M University  |b College Station  |c Sterling C. Evans Library  |d Evans: Library Stacks  |t 0  |e PQ6400.J8 A17 1996  |h Library of Congress classification  |i unmediated -- volume  |m A14822529768 
998 f f |a PQ6400.J8 A17 1996  |t 0  |l Evans: Library Stacks